000 01241cab a2200205 4500
001 ##L134617
008 060818n2006 000 0 eng u
035 _a(Sirsi) u134617
041 0 _aeng
100 1 _aMcCullogh, David
245 0 2 _aA rosy future?
260 _c2006
490 0 _aRICS Building Surveying Faculty The Journal
_vJuly 2006 7(1)
520 _aConsiders the challenges posed to building control surveyors by present and future changes to Building Regulations. Whilst building control surveyors suffer from staff shortages and have been accused of failing to enforce compliance with existing regulations, particularly on energy efficiency, it is generally accepted that designers and other construction professionals rely overmuch on building control surveyors to assume responsibility for site compliance. The Sustainable and Secure Buildings Act 2004 s9 places responsibility for compliance on an Appointed Person, emphasising that responsibility rests with the person having the works carried out.
590 _aIKA220806
650 2 4 _aSUSTAINABLE AND SECURE BUILDINGS ACT 2004 S9
651 4 _aEngland and Wales
_y1543-
690 _aBUILT ENVIRONMENT-BUILDING STANDARDS-BUILDING CONTROL SURVEYORS
942 _n0
999 _c77591
_d77591